00719nam a2200181 a 450000100100000000500170001000800410002702000150006804000250008308200150010810000250012324500940014826000500024230000210029250000930031395201140040699900170052000003545520200930074344.0111101s1996 sp 000 0 spa d a8480881909 aDO-SdBNPbspacBNPHU axxxbW746m1 aWilson, Terry96130510aManual del empowerment :bcómo conseguir lo mejor de sus colaboradores /cTerry Wilson. aBarcelona :bEdiciones Gestión 2000,c1996. a266 p. ;c24 cm. aEdición original publicada en inglés, por Gowe Publishing Limited, Reino Unido, 1996 0010507-18MOaGRbGRcOId2011-11-01iLF1l0oxxx W746mp35455-10r2020-06-25w2020-06-25y1ZNo se presta c34946d34946